000
00307 a2200145 4500
001
60828
020
_a
040
_c
Anchieta - Pituba
240
1
0
_a
A segunda guerra mundial
_l
por
245
1
0
_a
A segunda guerra mundial
300
_a
288
362
0
_a
1966
650
4
_a
História do mundo
942
_c
BK
999
_c
60828
_d
60828